<?xml version="1.0" encoding="UTF-8"?><?xml-stylesheet type="text/xsl" href="static/style.xsl"?><OAI-PMH xmlns="http://www.openarchives.org/OAI/2.0/" xmlns:xsi="http://www.w3.org/2001/XMLSchema-instance" xsi:schemaLocation="http://www.openarchives.org/OAI/2.0/ http://www.openarchives.org/OAI/2.0/OAI-PMH.xsd"><responseDate>2026-04-17T21:22:16Z</responseDate><request verb="GetRecord" identifier="oai:www.recercat.cat:2072/465851" metadataPrefix="marc">https://recercat.cat/oai/request</request><GetRecord><record><header><identifier>oai:recercat.cat:2072/465851</identifier><datestamp>2025-10-13T10:04:13Z</datestamp><setSpec>com_2072_98</setSpec><setSpec>col_2072_378192</setSpec></header><metadata><record xmlns="http://www.loc.gov/MARC21/slim" xmlns:dcterms="http://purl.org/dc/terms/" xmlns:xsi="http://www.w3.org/2001/XMLSchema-instance" xmlns:doc="http://www.lyncode.com/xoai" xsi:schemaLocation="http://www.loc.gov/MARC21/slim http://www.loc.gov/standards/marcxml/schema/MARC21slim.xsd">
   <leader>00925njm 22002777a 4500</leader>
   <datafield ind2=" " ind1=" " tag="042">
      <subfield code="a">dc</subfield>
   </datafield>
   <datafield ind2=" " ind1=" " tag="720">
      <subfield code="a">Gisbert, Enric</subfield>
      <subfield code="e">author</subfield>
   </datafield>
   <datafield ind2=" " ind1=" " tag="720">
      <subfield code="a">Ibarz, Antoni</subfield>
      <subfield code="e">author</subfield>
   </datafield>
   <datafield ind2=" " ind1=" " tag="720">
      <subfield code="a">Firmino, Joana P.</subfield>
      <subfield code="e">author</subfield>
   </datafield>
   <datafield ind2=" " ind1=" " tag="720">
      <subfield code="a">Fernández-Alacid, Laura</subfield>
      <subfield code="e">author</subfield>
   </datafield>
   <datafield ind2=" " ind1=" " tag="720">
      <subfield code="a">Salomón, Ricardo</subfield>
      <subfield code="e">author</subfield>
   </datafield>
   <datafield ind2=" " ind1=" " tag="720">
      <subfield code="a">Vallejos Vidal, Eva Carolina</subfield>
      <subfield code="e">author</subfield>
   </datafield>
   <datafield ind2=" " ind1=" " tag="720">
      <subfield code="a">Ruiz, Alberto</subfield>
      <subfield code="e">author</subfield>
   </datafield>
   <datafield ind2=" " ind1=" " tag="720">
      <subfield code="a">Polo, Javier</subfield>
      <subfield code="e">author</subfield>
   </datafield>
   <datafield ind2=" " ind1=" " tag="720">
      <subfield code="a">Sanahuja, Ignasi</subfield>
      <subfield code="e">author</subfield>
   </datafield>
   <datafield ind2=" " ind1=" " tag="720">
      <subfield code="a">Reyes-López, Felipe E.</subfield>
      <subfield code="e">author</subfield>
   </datafield>
   <datafield ind2=" " ind1=" " tag="720">
      <subfield code="a">Tort Bardolet, Lluís</subfield>
      <subfield code="e">author</subfield>
   </datafield>
   <datafield ind2=" " ind1=" " tag="720">
      <subfield code="a">Andree, Karl B.</subfield>
      <subfield code="e">author</subfield>
   </datafield>
   <datafield ind2=" " ind1=" " tag="260">
      <subfield code="c">2021</subfield>
   </datafield>
   <datafield ind2=" " ind1=" " tag="520">
      <subfield code="a">The development of functional feeds based on additives intended for supporting somatic growth, as well as promoting and modulating the host's immune response is a promising and reliable strategy in the post-antibiotic era. In this study, we have evaluated porcine plasma protein hydrolysate (PPH), a by-product of the rendering industry, as a functional ingredient in aquafeeds. Thus, a 92-day nutritional trial was conducted to evaluate the inclusion of PPH in gilthead sea bream (Sparus aurata) diets. In particular, the control diet contained 7% fishmeal (48% protein, 17% fat, and 22 MJ kg -1 gross energy), whereas the PPH was included in the experimental diet at the expense of 5% fish meal. Results indicated that this rendering by-product had a beneficial effect on the growth performance and feed-efficiency parameters, as well as promoted systemic immunity. In addition, no differences in biochemical skin mucus biomarkers were found between both groups. The present study indicated that porcine protein hydrolysate obtained from blood plasma may be considered as a safe and functional ingredient for aquafeeds. The effects of porcine plasma protein hydrolysate (PPH) on growth, feed efficiency, and immune responses was evaluated in Sparus aurata. Fish were fed two isoproteic (48% protein), isolipidic (17% fat), and isoenergetic diets (21.7 MJ/kg) diets, one of them containing 5% PPH at the expense of fishmeal. Both diets were tested for 92 days. A significant increase in growth was observed in fish fed the PPH diet in comparison to the control group (182.2 ± 4.4 vs. 173.8 ± 4.1 g), as well as an increase in feed intake without worsening FCR values. An ex vivo assay, with splenocytes incubated with lipopolysaccharide, was conducted to evaluate the cellular immune competence of fish. Genes involved in humoral immunity (lys, IgM), pro- (tnf-α, il-1β), and anti-inflammatory (tgf-β1, il10) cytokines were upregulated in the PPH group in comparison to the control group. The inclusion of PPH in diets enhanced the antibacterial capacity of skin mucus, as the co-culture of selected bacteria (E. coli, V. anguillarum, and P. anguilliseptica) with skin mucus indicated. The present results showed that the PPH in low fishmeal diets (2%) promoted growth and feed efficiency, as well as enhancing the immune response, which indicates that this is a safe and functional ingredient for aquafeeds.</subfield>
   </datafield>
   <datafield tag="653" ind2=" " ind1=" ">
      <subfield code="a">Aquaculture</subfield>
   </datafield>
   <datafield tag="653" ind2=" " ind1=" ">
      <subfield code="a">Functional feed</subfield>
   </datafield>
   <datafield tag="653" ind2=" " ind1=" ">
      <subfield code="a">Protein hydrolysates</subfield>
   </datafield>
   <datafield tag="653" ind2=" " ind1=" ">
      <subfield code="a">Low fishmeal diet</subfield>
   </datafield>
   <datafield tag="653" ind2=" " ind1=" ">
      <subfield code="a">Pathogen-associated molecular pattern (PAMP)</subfield>
   </datafield>
   <datafield tag="653" ind2=" " ind1=" ">
      <subfield code="a">Skin-associated lymphoid tissue (SALT)</subfield>
   </datafield>
   <datafield ind2="0" ind1="0" tag="245">
      <subfield code="a">Porcine Protein Hydrolysates (PEPTEIVA ®) Promote Growth and Enhance Systemic Immunity in Gilthead Sea Bream (Sparus aurata)</subfield>
   </datafield>
</record></metadata></record></GetRecord></OAI-PMH>